00643 2200253 4500001002100000005001700021008004100038020001800079035002500097040001200122082001000134090001900144100002000163245003900183250001100222260003100233300002600264440002300290650001800313850001200331850001200343990001700355990001700372YOGYA-0209000003415420150310092435.0 ind  a979-672-577-0 a0010-020900000034154 aYOPDYOG a646.4 aT 646.4bDwi S aDWIYANTI, Vonny a100 model kebayac/ Vonny Dwiyanti aCet. 1 aYogyakartabKanisiusc2000 a63 hlmbilus.c20 cm. aPuspa Ragam Busana aMode - Kebaya aYOPDYOG aYOPDYOG a0023-PN/P.00 a2972-PN/P.01